[Event "91st UKR-ch"]
[Site "Poltava UKR"]
[Date "2023.12.11"]
[Round "3.6"]
[White "Berin, Artem"]
[Black "Filippskykh, Oleksiy"]
[WhiteElo "2321"]
[BlackElo "1968"]
[Result "1-0"]
[EventDate "2023.12.09"]
[PlyCount "47"]

1. d4 d5 2. c4 e6 3. Nc3 a6 4. cxd5 exd5 5. Qb3 c5 6. Nxd5 Nc6 7. Bg5 Nxd4 8. Bxd8 Nxb3 9. Rd1 Nd4 10. Nc7+ Kxd8 11. Nxa8 Bd7 12. e3 Ne6 13. Nb6 Nf6 14. Nf3 Kc7 15. Nxd7 Nxd7 16. Bc4 Be7 17. a4 Bf6 18. b3 Rb8 19. O-O b5 20. axb5 axb5 21. Be2 Rb6 22. Nd2 Nb8 23. Ne4 Be7 24. Nc3 1-0

[Event "91st UKR-ch"]
[Site "Poltava UKR"]
[Date "2023.12.11"]
[Round "3.7"]
[White "Serikov, Maksim"]
[Black "Kovalenko, Vladimir"]
[WhiteElo "1510"]
[BlackElo "2007"]
[Result "1/2-1/2"]
[EventDate "2023.12.09"]
[PlyCount "52"]

1. d4 Nf6 2. c4 c5 3. d5 e6 4. Nc3 exd5 5. cxd5 d6 6. e4 g6 7. Nf3 Bg7 8. Be2 O-O 9. O-O a6 10. a4 Bg4 11. Nd2 Bxe2 12. Qxe2 Re8 13. f3 Nbd7 14. Nc4 Ne5 15. Nxe5 Rxe5 16. Bf4 Re8 17. Qd2 b6 18. Rfe1 Qd7 19. Qd3 Qc7 20. b3 Nd7 21. Rac1 Ne5 22. Bxe5 Bxe5 23. g3 Qd7 24. Kg2 Qb7 25. h4 Re7 26. Rc2 Rae8 1/2-1/2

[Event "91st UKR-ch"]
[Site "Poltava UKR"]
[Date "2023.12.11"]
[Round "3.8"]
[White "Artemov, Andriy"]
[Black "Ship, Yaroslav"]
[WhiteElo "1989"]
[BlackElo "1889"]
[Result "1/2-1/2"]
[EventDate "2023.12.09"]
[PlyCount "92"]

1. e4 c5 2. Nf3 e6 3. d4 cxd4 4. Nxd4 a6 5. Bd3 Nf6 6. O-O d6 7. Qe2 Qc7 8. c4 g6 9. f4 Bg7 10. f5 O-O 11. fxe6 fxe6 12. Nc3 Nc6 13. Nxc6 bxc6 14. c5 d5 15. Bf4 e5 16. Bg5 Be6 17. b4 a5 18. a3 Nh5 19. g3 Rxf1+ 20. Rxf1 d4 21. Bc4 Bxc4 22. Qxc4+ Kh8 23. Na4 axb4 24. Nb6 Rf8 25. axb4 Rxf1+ 26. Qxf1 h6 27. Bd2 Kh7 28. Nc4 Qa7 29. Na5 Nf6 30. Qd3 Qc7 31. Kg2 Qc8 32. h3 Bf8 33. g4 Qe6 34. Qc2 Qd7 35. Qd3 Qe6 36. Kg3 Qa2 37. Kf3 Nxe4 38. Qxe4 Qxd2 39. Nxc6 Qd1+ 40. Kg2 Qd2+ 41. Kg3 Bg7 42. Nxe5 Bxe5+ 43. Qxe5 Qxb4 44. Qe7+ Kg8 45. Qe8+ Kg7 46. Qe7+ Kg8 1/2-1/2

[Event "91st UKR-ch"]
[Site "Poltava UKR"]
[Date "2023.12.11"]
[Round "3.9"]
[White "Lyakh, Vasiliy"]
[Black "Ovcharov, Taras"]
[WhiteElo "1968"]
[BlackElo "1976"]
[Result "1-0"]
[EventDate "2023.12.09"]
[PlyCount "91"]

1. e4 d5 2. exd5 Qxd5 3. Nc3 Qa5 4. d4 Nf6 5. Nf3 Bf5 6. Bc4 e6 7. O-O Nbd7 8. Qe2 c6 9. Ne5 Nxe5 10. dxe5 Ng4 11. Bf4 Qb6 12. h3 Nxf2 13. Be3 Nxh3+ 14. gxh3 Qxb2 15. Bd2 Bc5+ 16. Kg2 O-O-O 17. Bd3 Bd4 18. Rab1 Qa3 19. Rb3 Bxd3 20. cxd3 Qe7 21. Rfb1 Rd7 22. Qe4 Qc5 23. Nb5 Bxe5 24. Rc1 Qd5 25. Nxa7+ Kd8 26. Qxd5 exd5 27. Rcb1 Re8 28. Rxb7 Rxb7 29. Rxb7 Bc7 30. Kf3 Re6 31. a4 h6 32. a5 Rf6+ 33. Ke2 Bg3 34. a6 c5 35. Nc6+ Rxc6 36. a7 Rc8 37. Rxf7 Bd6 38. Rxg7 Bf8 39. Rb7 Bd6 40. Ba5+ Ke8 41. Bc7 Bxc7 42. Rxc7 Rxc7 43. a8=Q+ Kd7 44. Qxd5+ Kc8 45. Qe6+ Kb7 46. Qxh6 1-0

[Event "91st UKR-ch"]
[Site "Poltava UKR"]
[Date "2023.12.12"]
[Round "4.1"]
[White "Babayev, Murad"]
[Black "Bakhmatskyi, Vladyslav"]
[WhiteElo "1896"]
[BlackElo "2465"]
[Result "1/2-1/2"]
[EventDate "2023.12.09"]
[PlyCount "43"]

1. c4 b6 2. Nf3 Bb7 3. e3 Nf6 4. b3 e6 5. Bb2 Be7 6. Be2 O-O 7. O-O d5 8. Ne5 Nbd7 9. Nxd7 Qxd7 10. Bf3 c5 11. Qe2 Rfd8 12. Rd1 Rac8 13. d3 a6 14. Nd2 b5 15. e4 bxc4 16. dxc4 d4 17. e5 Ne8 18. Bxb7 Qxb7 19. Ne4 a5 20. Rd3 a4 21. Qf3 Qc7 22. Qg3 1/2-1/2

[Event "91st UKR-ch"]
[Site "Poltava UKR"]
[Date "2023.12.12"]
[Round "4.10"]
[White "Lymar, Vladislav"]
[Black "Serikov, Maksim"]
[WhiteElo "2135"]
[BlackElo "1510"]
[Result "1-0"]
[EventDate "2023.12.09"]
[PlyCount "140"]

1. d4 Nf6 2. c4 g6 3. Nc3 Bg7 4. e4 d6 5. Nf3 O-O 6. Be2 e5 7. d5 a5 8. Bg5 h6 9. Be3 Ng4 10. Bd2 f5 11. exf5 gxf5 12. h3 Nf6 13. Qc1 f4 14. g3 e4 15. Nh4 e3 16. fxe3 fxg3 17. Ng6 g2 18. Rg1 Bxh3 19. Qc2 Ng4 20. O-O-O Nf2 21. Nxf8 Qxf8 22. Qg6 Nxd1 23. Nxd1 Nd7 24. Qg3 Bf5 25. Qxg2 Re8 26. Bc3 Ne5 27. Rf1 Qf7 28. Nf2 Qd7 29. e4 Bh7 30. Ng4 Kh8 31. Bxe5 dxe5 32. Ne3 Qa4 33. Rf7 Rg8 34. Kb1 Qb4 35. Nc2 Qc5 36. Qf3 Bg6 37. Rd7 Be8 38. Rd8 Rf8 39. Qg3 Ba4 40. Rxf8+ Qxf8 41. b3 Be8 42. Qg4 Kh7 43. Qc8 Bg6 44. Qxc7 Qf2 45. Bd1 Bxe4 46. Qxa5 Qd4 47. Kc1 Bxc2 48. Bxc2+ e4 49. d6 Qg1+ 50. Bd1 Qd4 51. Bc2 Qg1+ 52. Bd1 Qd4 53. Qf5+ Kh8 54. Qc8+ Kh7 55. Qf5+ Kh8 56. Bg4 Qa1+ 57. Kd2 Qxa2+ 58. Ke1 Qb1+ 59. Kf2 e3+ 60. Kxe3 Qxf5 61. Bxf5 b6 62. Ke4 Kg8 63. Kd5 Kf7 64. Kc6 Bf6 65. Kxb6 Bd8+ 66. Kc6 Kf6 67. Bh3 Ke5 68. b4 h5 69. b5 Kd4 70. b6 Kxc4 1-0

[Event "91st UKR-ch"]
[Site "Poltava UKR"]
[Date "2023.12.12"]
[Round "4.2"]
[White "Pavlov, Sergey"]
[Black "Mukha, Nikolay"]
[WhiteElo "2474"]
[BlackElo "2122"]
[Result "1/2-1/2"]
[EventDate "2023.12.09"]
[PlyCount "87"]

1. Nf3 Nf6 2. c4 g6 3. d4 Bg7 4. g3 O-O 5. Bg2 d5 6. cxd5 Nxd5 7. O-O Nc6 8. Nc3 Nb6 9. e3 e5 10. d5 Na5 11. e4 c6 12. Re1 cxd5 13. exd5 Re8 14. Bg5 f6 15. Be3 Nbc4 16. Bc1 Bf8 17. a3 Nd6 18. Nd2 Bd7 19. b4 Nac4 20. Nxc4 Nxc4 21. Ne4 Rc8 22. d6 b6 23. Bf1 Kh8 24. f4 h6 25. fxe5 Nxe5 26. Bb2 Bg7 27. Nf2 f5 28. Nd3 Nc4 29. Bxg7+ Kxg7 30. Nf4 Rxe1 31. Qxe1 Qf6 32. Qe7+ Qxe7 33. dxe7 Ne3 34. Ba6 Re8 35. Rc1 g5 36. Rc7 Rxe7 37. Nd3 Kf6 38. Rxa7 Bc6 39. Rxe7 Kxe7 40. Ne5 Ba4 41. Kf2 Ke6 42. Nf3 Nc2 43. Bd3 Kd5 44. Bxf5 1/2-1/2

[Event "91st UKR-ch"]
[Site "Poltava UKR"]
[Date "2023.12.12"]
[Round "4.3"]
[White "Polulikh, Bogdan"]
[Black "Fainkihen, Efim"]
[WhiteElo "2346"]
[BlackElo "1970"]
[Result "1-0"]
[EventDate "2023.12.09"]
[PlyCount "61"]

1. e4 c6 2. Nc3 d5 3. Nf3 Nf6 4. e5 Nfd7 5. d4 e6 6. Ne2 c5 7. c3 Nc6 8. a3 a5 9. Be3 a4 10. Nf4 cxd4 11. cxd4 Nb6 12. Bd3 Na5 13. Rc1 Bd7 14. O-O Nbc4 15. Qe2 Nb3 16. Rc3 Rc8 17. Bxc4 Rxc4 18. Rxc4 dxc4 19. Qxc4 Bc6 20. Rd1 g5 21. Nh5 Be7 22. d5 exd5 23. Qg4 Bd7 24. e6 fxe6 25. Ne5 O-O 26. Nxd7 Qxd7 27. Bxg5 Kh8 28. Bf4 Bf6 29. Nxf6 Rxf6 30. Be5 Qf7 31. Qg5 1-0

[Event "91st UKR-ch"]
[Site "Poltava UKR"]
[Date "2023.12.12"]
[Round "4.4"]
[White "Eropunov, Gleb"]
[Black "Berin, Artem"]
[WhiteElo "1961"]
[BlackElo "2321"]
[Result "1/2-1/2"]
[EventDate "2023.12.09"]
[PlyCount "30"]

1. e4 e6 2. d4 d5 3. exd5 exd5 4. Bd3 Bd6 5. Nf3 Nc6 6. O-O Nge7 7. c3 Bg4 8. h3 Bh5 9. Re1 Qd7 10. b4 O-O-O 11. b5 Nb8 12. Ne5 Bxd1 13. Nxd7 Bh5 14. Nxb8 Kxb8 15. Ba3 Bxa3 1/2-1/2

[Event "91st UKR-ch"]
[Site "Poltava UKR"]
[Date "2023.12.12"]
[Round "4.5"]
[White "Lyakh, Vasiliy"]
[Black "Goroshchenko, Dmitry"]
[WhiteElo "1968"]
[BlackElo "2193"]
[Result "1/2-1/2"]
[EventDate "2023.12.09"]
[PlyCount "64"]

1. d4 Nf6 2. c4 g6 3. Nc3 Bg7 4. e4 d6 5. Nf3 O-O 6. Be2 Nc6 7. O-O e5 8. d5 Ne7 9. Re1 h6 10. b4 a5 11. Ba3 Nd7 12. bxa5 Rxa5 13. Bb4 Ra8 14. Nd2 f5 15. Nb3 Nf6 16. exf5 gxf5 17. c5 Kh8 18. cxd6 cxd6 19. Nb5 Ne4 20. Rf1 Rf6 21. Nd2 Nxd2 22. Qxd2 f4 23. Nc3 Bf5 24. Bf3 Rg6 25. Ne4 Qd7 26. Kh1 Rg8 27. Rg1 Bf8 28. Rad1 R8g7 29. Qe2 Ng8 30. g3 fxg3 31. fxg3 Nf6 32. Nf2 Be7 1/2-1/2

[Event "91st UKR-ch"]
[Site "Poltava UKR"]
[Date "2023.12.12"]
[Round "4.6"]
[White "Gorgola, Georgiy"]
[Black "Maximov, Dmitry"]
[WhiteElo "1957"]
[BlackElo "2491"]
[Result "0-1"]
[EventDate "2023.12.09"]
[PlyCount "84"]

1. d4 Nf6 2. c4 g6 3. Nc3 Bg7 4. e4 O-O 5. f3 d6 6. Be3 b6 7. Qd2 c5 8. Nge2 Ba6 9. b3 e6 10. d5 exd5 11. exd5 Re8 12. Kf2 Nbd7 13. Re1 Ne5 14. h3 Bxc4 15. Ng3 Bxf1 16. Rhxf1 a6 17. Kg1 b5 18. Bg5 Qa5 19. Re2 Ned7 20. Nce4 Qxd2 21. Rxd2 Nxe4 22. Nxe4 Be5 23. g4 f5 24. Nf2 Nb6 25. Nd3 Bd4+ 26. Kh1 Nxd5 27. gxf5 gxf5 28. Nf4 Nxf4 29. Bxf4 Re6 30. Rfd1 a5 31. h4 Kf7 32. h5 Rae8 33. Kg2 b4 34. Kh3 Ke7 35. Rxd4 cxd4 36. Rxd4 Rg8 37. Rd5 Re1 38. Rxf5 Ke6 39. Rxa5 Rf1 40. Bg5 h6 41. Kg2 Rc1 42. f4 Rc5 0-1

[Event "91st UKR-ch"]
[Site "Poltava UKR"]
[Date "2023.12.12"]
[Round "4.7"]
[White "Dehtiarov, Roman"]
[Black "Rybakov, Serhii"]
[WhiteElo "2320"]
[BlackElo "1879"]
[Result "1-0"]
[EventDate "2023.12.09"]
[PlyCount "91"]

1. d4 Nf6 2. Bg5 Ne4 3. Bf4 d5 4. e3 Nd7 5. Bd3 c5 6. Bxe4 dxe4 7. Nc3 cxd4 8. Qxd4 f6 9. Bg3 e5 10. Qxe4 Nc5 11. Qd5 Qb6 12. O-O-O Be6 13. Qd2 Be7 14. Nf3 Rc8 15. Kb1 Qa6 16. b3 Nxb3 17. cxb3 Bb4 18. Qe2 Qc6 19. Na4 Bf5+ 20. Ka1 Bc2 21. Nb2 Qc3 22. Qb5+ Rc6 23. Bxe5 fxe5 24. Qxe5+ Qxe5 25. Nxe5 Rf6 26. Rc1 Bf5 27. e4 Be6 28. f3 O-O 29. Rhd1 Rh6 30. h3 Rb8 31. Nd7 Ra8 32. Nc5 Bf7 33. Nxb7 Rg6 34. Rc2 Rb8 35. Rd8+ Rxd8 36. Nxd8 Be8 37. Nb7 Kf8 38. Nd3 Be7 39. Nbc5 a5 40. Kb2 h5 41. Nf4 Rd6 42. Nd5 Bg5 43. Nb7 Ra6 44. Rc8 Kf7 45. Rxe8 Rg6 46. Rc8 1-0

[Event "91st UKR-ch"]
[Site "Poltava UKR"]
[Date "2023.12.12"]
[Round "4.8"]
[White "Ship, Yaroslav"]
[Black "Alexikov, Alexander"]
[WhiteElo "1889"]
[BlackElo "2209"]
[Result "1/2-1/2"]
[EventDate "2023.12.09"]
[PlyCount "97"]

1. e4 c5 2. Nf3 d6 3. d4 cxd4 4. Nxd4 Nf6 5. Nc3 a6 6. Be3 e6 7. Be2 Nbd7 8. Nb3 b5 9. a3 Bb7 10. f3 Rc8 11. O-O Be7 12. Qe1 O-O 13. Qg3 Nb6 14. Rfd1 Qc7 15. Kh1 Nfd7 16. Rac1 Ne5 17. Bd4 Ng6 18. f4 Nc4 19. f5 exf5 20. exf5 Nge5 21. Bxc4 bxc4 22. Nd2 Rfe8 23. Nde4 f6 24. Be3 Kh8 25. Rb1 Rb8 26. Nd5 Bxd5 27. Rxd5 Rb5 28. Nc3 Rxd5 29. Nxd5 Qb7 30. Nf4 Qe4 31. Ne6 Rg8 32. Nd4 Nc6 33. Qf3 Qxf3 34. Nxf3 Rb8 35. b4 cxb3 36. Rxb3 Rxb3 37. cxb3 d5 38. b4 Kg8 39. Nd4 Ne5 40. Ne6 Nc4 41. Bc5 Bxc5 42. Nxc5 Nxa3 43. Nxa6 Nb5 44. Kg1 g6 45. fxg6 hxg6 46. Kf2 Kf7 47. Nc5 f5 48. h4 Kf6 49. Nd3 1/2-1/2

[Event "91st UKR-ch"]
[Site "Poltava UKR"]
[Date "2023.12.12"]
[Round "4.9"]
[White "Yurchishyn, Nikolay"]
[Black "Kiktev, Grigory"]
[WhiteElo "2199"]
[BlackElo "1833"]
[Result "1-0"]
[EventDate "2023.12.09"]
[PlyCount "53"]

1. e4 g6 2. d4 Bg7 3. Nc3 e6 4. h4 h6 5. Be3 Ne7 6. Qd2 d6 7. O-O-O c6 8. f4 Nd7 9. Nf3 a6 10. h5 b5 11. g4 Bb7 12. hxg6 fxg6 13. f5 exf5 14. gxf5 gxf5 15. Rg1 Bf8 16. Qh2 Nf6 17. e5 Ng4 18. Qh5+ Kd7 19. Rxg4 fxg4 20. Qxg4+ Ke8 21. Qh5+ Kd7 22. exd6 Qe8 23. Bh3+ Kd8 24. dxe7+ Bxe7 25. Qe5 Bc8 26. Bf4 Ra7 27. Qb8 1-0

[Event "91st UKR-ch"]
[Site "Poltava UKR"]
[Date "2023.12.13"]
[Round "5.1"]
[White "Bakhmatskyi, Vladyslav"]
[Black "Polulikh, Bogdan"]
[WhiteElo "2465"]
[BlackElo "2346"]
[Result "1/2-1/2"]
[EventDate "2023.12.09"]
[PlyCount "115"]

1. e4 e5 2. Nf3 Nf6 3. d4 Nxe4 4. Bd3 d5 5. Nxe5 Nd7 6. Nc3 Nxe5 7. dxe5 Nxc3 8. bxc3 Be6 9. O-O Qd7 10. Rb1 c6 11. Be3 b6 12. f4 Bf5 13. Bxf5 Qxf5 14. Qd3 Qxd3 15. cxd3 f5 16. a4 Kd7 17. c4 dxc4 18. dxc4 Kc7 19. Rb3 Be7 20. Rfb1 c5 21. Rd3 Rhd8 22. Rd5 Kc6 23. Rbd1 a6 24. R1d2 b5 25. axb5+ axb5 26. cxb5+ Kxb5 27. Rd7 Rxd7 28. Rxd7 Re8 29. Kf2 Kc6 30. Ra7 Kd5 31. Kf3 h6 32. h3 h5 33. g3 c4 34. Rc7 g6 35. g4 hxg4+ 36. hxg4 fxg4+ 37. Kxg4 Ke4 38. Bc5 Bxc5 39. Rxc5 Kd3 40. Kg5 Re6 41. Rd5+ Ke4 42. Rd6 Rxd6 43. exd6 c3 44. d7 c2 45. d8=Q c1=Q 46. Qa8+ Ke3 47. Qa7+ Kf3 48. Qb7+ Kg3 49. Qb3+ Kg2 50. Qd3 Kf2 51. Qxg6 Qg1+ 52. Kf5 Qb1+ 53. Kf6 Qa1+ 54. Kf7 Qa7+ 55. Kg8 Qb8+ 56. Kg7 Qxf4 57. Qf6 Qxf6+ 58. Kxf6 1/2-1/2

[Event "91st UKR-ch"]
[Site "Poltava UKR"]
[Date "2023.12.13"]
[Round "5.10"]
[White "Stepanov, Vadim"]
[Black "Ovcharov, Taras"]
[WhiteElo "1853"]
[BlackElo "1976"]
[Result "1/2-1/2"]
[EventDate "2023.12.09"]
[PlyCount "86"]

1. d4 Nf6 2. c4 e6 3. g3 d5 4. Nf3 dxc4 5. Bg2 Bb4+ 6. Bd2 a5 7. Qc2 Bxd2+ 8. Nbxd2 b5 9. a4 c6 10. e4 O-O 11. O-O Ba6 12. Rfd1 Qb6 13. e5 Nd5 14. Ng5 g6 15. Nde4 Nd7 16. Nd6 Kg7 17. h4 h6 18. Nh3 h5 19. axb5 Bxb5 20. Nxc4 Bxc4 21. Qxc4 Rfc8 22. Rd2 Qb4 23. Qxb4 axb4 24. Rc1 Ra2 25. Nf4 N7b6 26. Nd3 b3 27. Nc5 Rb8 28. Nxb3 Na4 29. Na5 Rbxb2 30. Rxb2 Nxb2 31. Nxc6 Nd3 32. Rd1 Nxf2 33. Rf1 Ng4 34. Bxd5 exd5 35. Nd8 Ra7 36. e6 fxe6 37. Nxe6+ Kg8 38. Rf8+ Kh7 39. Ng5+ Kg7 40. Ne6+ Kh7 41. Rd8 Ra1+ 42. Kg2 Ra2+ 43. Kg1 Ra1+ 1/2-1/2

[Event "91st UKR-ch"]
[Site "Poltava UKR"]
[Date "2023.12.13"]
[Round "5.2"]
[White "Pavlov, Sergey"]
[Black "Babayev, Murad"]
[WhiteElo "2474"]
[BlackElo "1896"]
[Result "1/2-1/2"]
[EventDate "2023.12.09"]
[PlyCount "90"]

1. d4 Nf6 2. g3 e6 3. Bg2 d5 4. Nf3 Nbd7 5. O-O Be7 6. c4 c6 7. Nc3 O-O 8. Qd3 b6 9. e4 dxe4 10. Nxe4 Bb7 11. Bf4 Nxe4 12. Qxe4 Nf6 13. Qe2 c5 14. Rfd1 Qe8 15. d5 exd5 16. Nh4 Qd7 17. cxd5 Rfe8 18. d6 Bf8 19. Qd3 Ne4 20. Re1 Nf6 21. Bxb7 Qxb7 22. Bg5 Nd7 23. Be7 g6 24. Rad1 Bg7 25. b3 b5 26. Ng2 Rac8 27. Ne3 Ne5 28. Qd5 Qd7 29. Nc2 Nc6 30. Bg5 Re5 31. Rxe5 Nxe5 32. Bf4 Ng4 33. Re1 Nf6 34. Qd2 Re8 35. Rxe8+ Nxe8 36. Qd5 Bf8 37. Qxc5 Bxd6 38. Bxd6 Nxd6 39. Qd5 Qe7 40. Nd4 Qe1+ 41. Kg2 Ne4 42. Qd8+ Kg7 43. Ne6+ fxe6 44. Qe7+ Kg8 45. Qe8+ Kg7 1/2-1/2

[Event "91st UKR-ch"]
[Site "Poltava UKR"]
[Date "2023.12.13"]
[Round "5.3"]
[White "Maximov, Dmitry"]
[Black "Lymar, Vladislav"]
[WhiteElo "2491"]
[BlackElo "2135"]
[Result "1/2-1/2"]
[EventDate "2023.12.09"]
[PlyCount "89"]

1. e4 d6 2. d4 Nf6 3. Nc3 e5 4. Nf3 Nbd7 5. g3 c6 6. a4 Be7 7. Bg2 O-O 8. O-O Re8 9. a5 Qc7 10. h3 Rb8 11. Be3 b5 12. axb6 axb6 13. Nh4 b5 14. Nf5 Bf8 15. dxe5 dxe5 16. Qf3 g6 17. Nh6+ Kg7 18. g4 Nc5 19. g5 Nh5 20. Ne2 Ne6 21. h4 Nef4 22. Nxf4 Nxf4 23. Rfd1 Rb7 24. Bxf4 exf4 25. Qc3+ Re5 26. Ra8 f6 27. b4 Be7 28. Bh3 Rb8 29. Rxb8 Qxb8 30. Bd7 Qc7 31. Bxc8 Qxc8 32. Ra1 Rxe4 33. Ra7 Qe6 34. Ra8 Bf8 35. Ra7+ Be7 36. Ra8 Bf8 37. Qf3 fxg5 38. hxg5 Qe5 39. Ng4 Re1+ 40. Kh2 Qxg5 41. Qc3+ Kf7 42. Qxe1 Qh4+ 43. Kg1 Qxg4+ 44. Kh2 Qh4+ 45. Kg1 1/2-1/2

[Event "91st UKR-ch"]
[Site "Poltava UKR"]
[Date "2023.12.13"]
[Round "5.4"]
[White "Berin, Artem"]
[Black "Lyakh, Vasiliy"]
[WhiteElo "2321"]
[BlackElo "1968"]
[Result "1-0"]
[EventDate "2023.12.09"]
[PlyCount "97"]

1. d4 d5 2. c4 e6 3. Nc3 Nf6 4. Bg5 Be7 5. e3 O-O 6. Qc2 h6 7. Bh4 Nbd7 8. cxd5 exd5 9. Bd3 c6 10. Nf3 Re8 11. O-O Ne4 12. Bxe4 Bxh4 13. Bh7+ Kh8 14. Bd3 Be7 15. Rae1 Bd6 16. e4 dxe4 17. Nxe4 Bb4 18. Re2 Nb6 19. Qb3 Nd5 20. Ne5 Kg8 21. Bc4 Be6 22. Bxd5 cxd5 23. Qxb4 dxe4 24. Rxe4 Bxa2 25. Re3 Bd5 26. Rg3 Qb6 27. Qd2 Rad8 28. Qf4 Bb3 29. Qg4 g6 30. Qh4 Rxd4 31. Ng4 h5 32. Nf6+ Kf8 33. Qg5 Re6 34. Qh6+ Ke7 35. Nh7 Rd8 36. Rf3 Qb5 37. g3 Qd5 38. Qf4 Re4 39. Qf6+ Ke8 40. Qc3 Rd6 41. Qxb3 Qxb3 42. Rxb3 f6 43. Rf3 Ke7 44. Rc1 h4 45. gxh4 Rb6 46. Rc7+ Kd8 47. Rg7 Rxh4 48. Nxf6 Rxb2 49. Rd7+ 1-0

[Event "91st UKR-ch"]
[Site "Poltava UKR"]
[Date "2023.12.13"]
[Round "5.5"]
[White "Goroshchenko, Dmitry"]
[Black "Dehtiarov, Roman"]
[WhiteElo "2193"]
[BlackElo "2320"]
[Result "0-1"]
[EventDate "2023.12.09"]
[PlyCount "60"]

1. e4 e6 2. d4 d5 3. exd5 exd5 4. c4 Nf6 5. Nc3 Bb4 6. Bd3 O-O 7. Nge2 dxc4 8. Bxc4 Nbd7 9. O-O Nb6 10. Bd3 Bg4 11. f3 Bh5 12. Be3 Bg6 13. Ne4 Re8 14. Qc2 Nbd5 15. Bf2 Qe7 16. a3 Ba5 17. N2g3 Nf4 18. Nxf6+ Qxf6 19. Be4 c6 20. Rad1 Rad8 21. Qa4 Bb6 22. Rd2 h5 23. d5 h4 24. Bxb6 axb6 25. Bxg6 hxg3 26. Be4 Qh6 27. hxg3 Nh3+ 28. gxh3 Qxd2 29. dxc6 Qe3+ 30. Kh1 Qe2 0-1

[Event "91st UKR-ch"]
[Site "Poltava UKR"]
[Date "2023.12.13"]
[Round "5.6"]
[White "Mukha, Nikolay"]
[Black "Yurchishyn, Nikolay"]
[WhiteElo "2122"]
[BlackElo "2199"]
[Result "0-1"]
[EventDate "2023.12.09"]
[PlyCount "76"]

1. d4 Nf6 2. Nf3 e6 3. c4 b6 4. g3 Ba6 5. b3 c5 6. Bg2 Bb7 7. O-O Be7 8. Nc3 d6 9. d5 exd5 10. cxd5 O-O 11. Bb2 Re8 12. Re1 Bf8 13. e4 Nbd7 14. h3 a6 15. Nd2 b5 16. f4 g6 17. Kh2 Bg7 18. Qc2 Rc8 19. Rad1 Nh5 20. Nf3 Qf6 21. Ba1 Qd8 22. a4 b4 23. Ne2 Bxa1 24. Rxa1 Qf6 25. Nd2 a5 26. Nc4 Ba6 27. Nxa5 c4 28. Nxc4 Bxc4 29. bxc4 Nc5 30. Rad1 Ra8 31. Nd4 Rxa4 32. Nb3 Nxb3 33. Qxb3 Ra3 34. Qxb4 Rxg3 35. Qd2 Qh4 36. Rf1 Rb8 37. Rf3 Rxf3 38. Bxf3 Qg3+ 0-1

[Event "91st UKR-ch"]
[Site "Poltava UKR"]
[Date "2023.12.13"]
[Round "5.7"]
[White "Alexikov, Alexander"]
[Black "Eropunov, Gleb"]
[WhiteElo "2209"]
[BlackElo "1961"]
[Result "1/2-1/2"]
[EventDate "2023.12.09"]
[PlyCount "58"]

1. e4 e5 2. Nf3 Nf6 3. d4 Nxe4 4. Bd3 d5 5. Nxe5 Nd7 6. Nxd7 Bxd7 7. O-O Bd6 8. Nc3 Nxc3 9. bxc3 O-O 10. Qh5 f5 11. Qf3 c6 12. Bf4 Qc7 13. Bxd6 Qxd6 14. c4 dxc4 15. Bxc4+ Be6 16. Bxe6+ Qxe6 17. Qb3 Qf7 18. Rfe1 Rfe8 19. Kf1 Rxe1+ 20. Rxe1 Qxb3 21. axb3 a5 22. Ra1 Kf7 23. Ke2 Ke6 24. Kd3 Kd6 25. c4 b5 26. h4 g6 27. g3 Ra7 28. Ra2 Ra8 29. Ra1 Ra7 1/2-1/2

[Event "91st UKR-ch"]
[Site "Poltava UKR"]
[Date "2023.12.13"]
[Round "5.8"]
[White "Ship, Yaroslav"]
[Black "Kovalenko, Vladimir"]
[WhiteElo "1889"]
[BlackElo "2007"]
[Result "1/2-1/2"]
[EventDate "2023.12.09"]
[PlyCount "93"]

1. e4 c5 2. Nf3 Nc6 3. d4 cxd4 4. Nxd4 g6 5. Nc3 Bg7 6. Be3 Nf6 7. Bc4 O-O 8. Bb3 Qa5 9. O-O Nxd4 10. Bxd4 d6 11. h3 Be6 12. Qd3 Nd7 13. Bxg7 Kxg7 14. f4 Bxb3 15. axb3 Qc5+ 16. Kh1 Nf6 17. Ra4 Rad8 18. Rd4 Rc8 19. Rc4 Qa5 20. b4 Qh5 21. Rxc8 Rxc8 22. Qd4 Qh4 23. Qxa7 Nh5 24. Qf2 Qxf2 25. Rxf2 Rc4 26. Kh2 Rxb4 27. b3 Nf6 28. Re2 e5 29. fxe5 dxe5 30. Kg3 Kf8 31. Kf3 Ke7 32. Rd2 Rb6 33. Nd5+ Nxd5 34. Rxd5 Ke6 35. Ke3 f5 36. Rc5 Rb4 37. exf5+ gxf5 38. Rc7 h5 39. Kd3 Rd4+ 40. Ke3 Rb4 41. Rh7 h4 42. Kd3 Rd4+ 43. Ke2 Rb4 44. Rh6+ Kd5 45. Rh5 Re4+ 46. Kd2 Rf4 47. Ke2 1/2-1/2

[Event "91st UKR-ch"]
[Site "Poltava UKR"]
[Date "2023.12.13"]
[Round "5.9"]
[White "Artemov, Andriy"]
[Black "Martynenko, Konstantin"]
[WhiteElo "1989"]
[BlackElo "1706"]
[Result "1-0"]
[EventDate "2023.12.09"]
[PlyCount "133"]

1. d4 Nf6 2. c4 g6 3. Nc3 Bg7 4. e4 d6 5. Be2 Nbd7 6. Be3 e5 7. d5 Nc5 8. f3 a5 9. a3 O-O 10. Rb1 Ne8 11. b4 axb4 12. axb4 Nd7 13. h4 f5 14. h5 f4 15. Bd2 g5 16. Nh3 h6 17. Nf2 Ndf6 18. Ra1 Bd7 19. c5 Rxa1 20. Qxa1 Qe7 21. Qa7 Bh8 22. Bc4 Bc8 23. Nb5 Kh7 24. Qb8 Bd7 25. Qxb7 Bxb5 26. Qxb5 Ng7 27. Qc6 Ngxh5 28. cxd6 cxd6 29. b5 Ng3 30. b6 Nxh1 31. Nxh1 Rb8 32. Ba5 Ne8 33. Ba6 Qd8 34. Nf2 h5 35. Kf1 Bf6 36. Bb5 Qc8 37. Qxc8 Rxc8 38. b7 Rb8 39. Bxe8 Rxb7 40. Bxh5 Rb1+ 41. Ke2 Rb2+ 42. Bd2 Bd8 43. Nd3 Rb1 44. Bg4 Ra1 45. Nb2 Bb6 46. Kd3 Bc5 47. Kc2 Kg6 48. Nc4 Kf6 49. Bc3 Ra2+ 50. Bb2 Ra4 51. Nd2 Ke7 52. Nb3 Be3 53. Nd2 Bc5 54. Kd3 Kd8 55. Nc4 Kc7 56. Bc3 Bb4 57. Bd7 Ra2 58. Bxb4 Kxd7 59. Bxd6 Rxg2 60. Bxe5 Rg3 61. Nd2 Rh3 62. Ke2 Rh2+ 63. Ke1 Rg2 64. Bd4 Ke7 65. e5 Rh2 66. Bc5+ Ke8 67. e6 1-0

[Event "91st UKR-ch"]
[Site "Poltava UKR"]
[Date "2023.12.14"]
[Round "6.1"]
[White "Dehtiarov, Roman"]
[Black "Bakhmatskyi, Vladyslav"]
[WhiteElo "2320"]
[BlackElo "2465"]
[Result "1/2-1/2"]
[EventDate "2023.12.09"]
[PlyCount "81"]

1. e4 c5 2. Nf3 d6 3. Bb5+ Nd7 4. d4 cxd4 5. Qxd4 a6 6. Be2 Ngf6 7. O-O e6 8. c4 Qc7 9. Nc3 Be7 10. Rd1 O-O 11. h3 b6 12. Bg5 Rd8 13. Rac1 Bb7 14. Nd2 h6 15. Bh4 Qc5 16. Qxc5 bxc5 17. Bg3 Nb8 18. Nb3 Nxe4 19. Nxe4 Bxe4 20. Na5 Nc6 21. Nb7 Nd4 22. Rxd4 cxd4 23. Nxd8 Rxd8 24. Rd1 e5 25. f3 Bb7 26. b4 f5 27. a4 Kf7 28. a5 Ke6 29. b5 Ra8 30. Be1 Bf6 31. Rb1 e4 32. fxe4 fxe4 33. Bg4+ Ke7 34. Bf5 Be5 35. bxa6 Bxa6 36. Bxe4 Rc8 37. Bd5 Bxc4 38. Bxc4 Rxc4 39. Ra1 d3 40. Rd1 Bc3 41. Rxd3 1/2-1/2

[Event "91st UKR-ch"]
[Site "Poltava UKR"]
[Date "2023.12.14"]
[Round "6.10"]
[White "Tsushko, Volodymyr"]
[Black "Mukha, Nikolay"]
[WhiteElo "1823"]
[BlackElo "2122"]
[Result "0-1"]
[EventDate "2023.12.09"]
[PlyCount "60"]

1. d4 Nf6 2. Nf3 g6 3. Bg5 Bg7 4. Nbd2 d5 5. e3 O-O 6. Ne5 c5 7. c3 Ne8 8. Bh4 f6 9. Nef3 g5 10. Bg3 g4 11. Ng1 cxd4 12. cxd4 e5 13. dxe5 fxe5 14. Be2 h5 15. h3 h4 16. Bxe5 Bxe5 17. Bxg4 Nc6 18. Ngf3 Bxb2 19. Bxc8 Rxc8 20. Rb1 Bf6 21. Rxb7 Nd6 22. Rb1 Ne4 23. O-O Nc3 24. Qc2 Ne7 25. Qd3 Nxb1 26. Rxb1 Rc3 27. Qa6 Qd7 28. Rb7 Rc1+ 29. Kh2 Qc6 30. Qxa7 Nc8 0-1

[Event "91st UKR-ch"]
[Site "Poltava UKR"]
[Date "2023.12.14"]
[Round "6.2"]
[White "Polulikh, Bogdan"]
[Black "Babayev, Murad"]
[WhiteElo "2346"]
[BlackElo "1896"]
[Result "1-0"]
[EventDate "2023.12.09"]
[PlyCount "91"]

1. d4 Nf6 2. c4 e6 3. Nc3 d5 4. cxd5 exd5 5. Bg5 Nbd7 6. e3 Be7 7. Bd3 c6 8. Qc2 h6 9. Bh4 O-O 10. Nge2 Re8 11. f3 b5 12. O-O a6 13. Rad1 Bb7 14. Kh1 Qb6 15. Bf5 Nf8 16. e4 dxe4 17. fxe4 c5 18. Bxf6 Qxf6 19. e5 Qb6 20. d5 Bg5 21. Ng1 Rxe5 22. Nf3 Ree8 23. Nxg5 hxg5 24. Ne4 Qh6 25. Nxc5 Bc8 26. d6 Be6 27. d7 Red8 28. Bxe6 Nxe6 29. Nb7 Rdb8 30. Rfe1 Qf6 31. d8=Q+ Rxd8 32. Nxd8 Rxd8 33. Rxd8+ Qxd8 34. Rc1 Qf6 35. Qc3 Qf2 36. Qc8+ Nf8 37. Qc2 Qf6 38. Qc3 Qf2 39. h3 Ng6 40. Qc5 Qd2 41. Rf1 f6 42. Qf2 Qd6 43. Qf5 Nh4 44. Qg4 Qe7 45. Rc1 g6 46. Qc8+ 1-0